[Event "14. Memorial Fernando Vasconcellos"]
[Site "Brasilia BRA"]
[Date "2010.03.14"]
[Round "8.4"]
[White "Shumyatsky, Victor"]
[Black "Barbosa, Evandro Amorim"]
[Result "1-0"]
[WhiteElo "2288"]
[BlackElo "2365"]
[PlyCount "81"]
[EventDate "2010.03.08"]
[EventType "tourn"]
[EventRounds "9"]
[EventCountry "BRA"]
[EventCategory "2"]
[Source "lmi"]
[SourceDate "2010.03.08"]

1. e4 c5 2. Ne2 Nc6 3. c4 e6 4. Nbc3 Nf6 5. g3 d5 6. exd5 exd5 7. cxd5 Nxd5 8.
Bg2 Ndb4 9. O-O Be7 10. Nf4 O-O 11. a3 Nd3 12. Nxd3 Qxd3 13. Be4 Qd8 14. Nd5
Be6 15. Nxe7+ Qxe7 16. d3 Nd4 17. b4 Qd7 18. Be3 Bg4 19. f3 Bh3 20. bxc5 Bxf1
21. Kxf1 Rae8 22. Rb1 f5 23. Rxb7 Qd8 24. Qa4 Ne6 25. Rd7 Qb8 26. Bd5 Kh8 27.
Bxe6 Rxe6 28. Qd4 Rg8 29. Bf2 Ra6 30. Qc3 Qe8 31. c6 Qg6 32. c7 Rc6 33. Qe5 Qg5
34. d4 Rc2 35. Qe3 f4 36. Qd3 Ra2 37. Qb3 Ra1+ 38. Kg2 Rc1 39. g4 Qg6 40. Rd8
Re8 41. Qb8 1-0

[Event "14. Memorial Fernando Vasconcellos"]
[Site "Brasilia BRA"]
[Date "2010.03.14"]
[Round "8.5"]
[White "Stamenkovic, Dragan"]
[Black "Rodi, Luis Ernesto"]
[Result "1/2-1/2"]
[WhiteElo "2384"]
[BlackElo "2311"]
[PlyCount "22"]
[EventDate "2010.03.08"]
[EventType "tourn"]
[EventRounds "9"]
[EventCountry "BRA"]
[EventCategory "2"]
[Source "lmi"]
[SourceDate "2010.03.08"]

1. e4 c5 2. Nf3 d6 3. d4 cxd4 4. Nxd4 Nf6 5. Nc3 g6 6. Be3 Bg7 7. f3 a6 8. Qd2
Nbd7 9. a4 b6 10. Bh6 Bxh6 11. Qxh6 Bb7 1/2-1/2

[Event "14. Memorial Fernando Vasconcellos"]
[Site "Brasilia BRA"]
[Date "2010.03.14"]
[Round "9.1"]
[White "Rodi, Luis Ernesto"]
[Black "Valle, Adriano"]
[Result "1/2-1/2"]
[WhiteElo "2311"]
[BlackElo "2290"]
[PlyCount "101"]
[EventDate "2010.03.08"]
[EventType "tourn"]
[EventRounds "9"]
[EventCountry "BRA"]
[EventCategory "2"]
[Source "lmi"]
[SourceDate "2010.03.08"]

1. e4 e6 2. d4 d5 3. Nc3 Bb4 4. e5 c5 5. a3 Bxc3+ 6. bxc3 Ne7 7. Qg4 Qc7 8.
Qxg7 Rg8 9. Qxh7 cxd4 10. Ne2 Nbc6 11. f4 Bd7 12. Qd3 dxc3 13. Nxc3 Na5 14. Nb5
Bxb5 15. Qxb5+ Nac6 16. Bd2 O-O-O 17. Qc5 b6 18. Qf2 Nxe5 19. Ba6+ Kb8 20. a4
Ng4 21. Qg1 Nf5 22. Bd3 d4 23. a5 Nge3 24. axb6 axb6 25. g3 Nxc2+ 26. Bxc2 Qxc2
27. Qg2 Rd5 28. O-O Ne3 29. Bxe3 Qxg2+ 30. Kxg2 dxe3 31. Kf3 Rd2 32. Ra3 Rxh2
33. Rxe3 Rc8 34. Rb1 Kb7 35. Reb3 Rc6 36. Ra1 Rhc2 37. Kg4 R6c3 38. Rab1 Rxb3
39. Rxb3 Rc5 40. Kf3 b5 41. Ke4 Kb6 42. Kd4 Rd5+ 43. Kc3 e5 44. fxe5 Rxe5 45.
Kb2 Re2+ 46. Kb1 Rf2 47. g4 Kc5 48. g5 Kc4 49. Rg3 b4 50. g6 fxg6 51. Rxg6
1/2-1/2

[Event "14. Memorial Fernando Vasconcellos"]
[Site "Brasilia BRA"]
[Date "2010.03.14"]
[Round "9.4"]
[White "Aguiar, Lucas"]
[Black "Chauca, Jose"]
[Result "1-0"]
[WhiteElo "2059"]
[BlackElo "2063"]
[PlyCount "57"]
[EventDate "2010.03.08"]
[EventType "tourn"]
[EventRounds "9"]
[EventCountry "BRA"]
[EventCategory "2"]
[Source "lmi"]
[SourceDate "2010.03.08"]

1. e4 c5 2. Nf3 e6 3. d4 cxd4 4. Nxd4 a6 5. c4 Nf6 6. Bd3 Bc5 7. Nc2 Be7 8. O-O
Qc7 9. b3 d6 10. Bb2 Nbd7 11. Re1 b6 12. Nc3 Bb7 13. Rc1 O-O 14. Nd4 Rfe8 15.
f4 Rac8 16. a3 Qb8 17. f5 Bf8 18. fxe6 fxe6 19. Be2 Ne5 20. Bf1 Qa8 21. Qc2 d5
22. exd5 exd5 23. Qf5 Ne4 24. Nxd5 Bxd5 25. cxd5 Rxc1 26. Bxc1 Nd6 27. Qf2 Qxd5
28. Bf4 Ng6 29. Rxe8 1-0